Model-based signal processing (Record no. 8287)
[ view plain ]
| 000 -LEADER | |
|---|---|
| fixed length control field | 01546 a2200193 4500 |
| 020 ## - INTERNATIONAL STANDARD BOOK NUMBER | |
| International Standard Book Number | 0471236322 |
| 040 ## - CATALOGING SOURCE | |
| Original cataloging agency | DLC |
| Language of cataloging | DLC |
| 100 1# - MAIN ENTRY--PERSONAL NAME | |
| Personal name | Candy, J. V. |
| 245 10 - TITLE STATEMENT | |
| Title | Model-based signal processing |
| Statement of responsibility, etc. | James V. Candy. |
| 246 3# - VARYING FORM OF TITLE | |
| Title proper/short title | Model-based signal processing [electronic resource] |
| 260 ## - PUBLICATION, DISTRIBUTION, ETC. | |
| Place of publication, distribution, etc. | Hoboken, N.J. : |
| Name of publisher, distributor, etc. | IEEE Press : |
| -- | Wiley-Interscience, |
| Date of publication, distribution, etc. | c2006. |
| 300 ## - PHYSICAL DESCRIPTION | |
| Extent | xxi, 677 p. : |
| Other physical details | ill. ; |
| Dimensions | 25 cm. |
| 440 #0 - SERIES STATEMENT/ADDED ENTRY--TITLE | |
| Title | Adaptive and learning systems for signal processing, communications, and control. |
| 520 1# - SUMMARY, ETC. | |
| Summary, etc. | "Model-Based Signal Processing develops the model-based approach in a unified manner and follows it through the text in the algorithms, examples, applications, and case studies. The approach, coupled with the hierarchy of physics-based models that the author develops, including linear as well as nonlinear representations, makes it a unique contribution to the field of signal processing." "The text includes parametric (e.g., autoregressive or all-pole), sinusoidal, wave-based, and state-space models as some of the model sets with its focus on how they may be used to solve signal processing problems. Special features are provided that assist readers in understanding the material and learning how to apply their new knowledge to solving real-life problems."--BK JACKET. |
| 650 #0 - SUBJECT ADDED ENTRY--TOPICAL TERM | |
| Topical term or geographic name entry element | Signal processing |
| General subdivision | Digital techniques |
| 710 2# - ADDED ENTRY--CORPORATE NAME | |
| Corporate name or jurisdiction name as entry element | Wiley InterScience (Online service) |
| 856 41 - ELECTRONIC LOCATION AND ACCESS | |
| Uniform Resource Identifier | <a href="http://libproxy1.nus.edu.sg/login?url=http://www3.interscience.wiley.com/cgi-bin/homepage/?isbn=9780471732679">http://libproxy1.nus.edu.sg/login?url=http://www3.interscience.wiley.com/cgi-bin/homepage/?isbn=9780471732679</a> |
| 942 ## - ADDED ENTRY ELEMENTS (KOHA) | |
| Koha item type | Book |
| Call number prefix | 621.3822 CAN |
| Source of classification or shelving scheme | |
| Withdrawn status | Lost status | Damaged status | Not for loan | Collection code | Permanent Location | Current Location | Shelving location | Date acquired | Source of acquisition | Cost, normal purchase price | Total Checkouts | Full call number | Barcode | Date last seen | Price effective from | Koha item type |
|---|---|---|---|---|---|---|---|---|---|---|---|---|---|---|---|---|
| Central Library (CL) | Central Library (CL) | General Stacks | 06/15/2006 | New Public Book | 8036.95 | 621.3822 CAN | SEECS007448 | 11/14/2012 | 01/05/2017 | Book |
